[Event "GER-ch U12"]
[Site "Willingen"]
[Date "2006.06.09"]
[Round "9"]
[White "Marx, Inge"]
[Black "Schubert, Torsten"]
[Result "0-1"]
[WhiteElo "1078"]
[BlackElo "1347"]
[PlyCount "106"]
[EventDate "2006.06.03"]
[EventType "swiss"]
[EventRounds "11"]
[EventCountry "GER"]
[SourceTitle "EXT 2007"]
[Source "ChessBase"]
[SourceDate "2006.11.23"]
[SourceVersion "1"]
[SourceVersionDate "2006.11.23"]
[SourceQuality "1"]

1. e4 c5 2. Nf3 d6 3. Bb5+ Nd7 4. 0-0 Ngf6 5. Nc3 a6 6. Be2 e5 7. d3 b5 8. Bg5 Be7 9. a3 Bb7 10. Nd2 b4 11. axb4 cxb4 12. Na4 Rc8 13. Nc4 Qc7 14. f4 Nc5 15. fxe5 dxe5 16. Nab6 Rd8 17. Rf5 Ncxe4 18. Rxe5 h6 19. Bf4 Qc6 20. Bf3 Rd4 21. Bxe4 Nxe4 22. Rxe4 f5 23. Re2 Rxf4 24. Qe1 Kd8 25. Qg3 Bc5+ 26. Kh1 g5 27. Na4 Rg8 28. Nxc5 Qxc5 29. Rae1 h5 30. Qe3 Qxe3 31. Rxe3 Rf2 32. R3e2 Bxg2+ 33. Kg1 Rxe2 34. Rxe2 Bf3 35. Rf2 g4 36. Kf1 Re8 37. Nd6 Rf8 38. Nb7+ Bxb7 39. Rf4 a5 40. Kf2 Ke7 41. Ke3 Ke6 42. Kd4 Rc8 43. c4 bxc3 44. bxc3 a4 45. c4 a3 46. Kc3 Ra8 47. Rf1 a2 48. Kb2 Rd8 49. Kc3 Kf6 50. Ra1 f4 51. Rxa2 g3 52. d4 g2 53. Ra1 f3 0-1

[Event "GER-ch U12"]
[Site "Willingen"]
[Date "2006.06.07"]
[Round "7"]
[White "Chernova, Margarita"]
[Black "Schubert, Torsten"]
[Result "1/2-1/2"]
[WhiteElo "1248"]
[BlackElo "1347"]
[PlyCount "60"]
[EventDate "2006.06.03"]
[EventType "swiss"]
[EventRounds "11"]
[EventCountry "GER"]
[SourceTitle "EXT 2007"]
[Source "ChessBase"]
[SourceDate "2006.11.23"]
[SourceVersion "1"]
[SourceVersionDate "2006.11.23"]
[SourceQuality "1"]

1. e4 c5 2. Nf3 d6 3. d4 cxd4 4. Qxd4 a6 5. c4 Nc6 6. Qd1 Nf6 7. Nc3 b6 8. Be2 Bb7 9. Be3 e6 10. 0-0 Be7 11. Rc1 0-0 12. h3 Na7 13. Nd2 d5 14. cxd5 exd5 15. exd5 Nxd5 16. Nxd5 Bxd5 17. Bxa6 b5 18. Bxa7 Rxa7 19. Bxb5 Rxa2 20. Rb1 Qb6 21. Bc4 Bxc4 22. Nxc4 Qb5 23. b3 Re8 24. Qf3 Bc5 25. Rb2 Rxb2 26. Nxb2 Rb8 27. Rc1 Ba3 28. Qc3 h6 29. Ra1 Bxb2 30. Qxb2 Qxb3 1/2-1/2

[Event "GER-ch U12"]
[Site "Willingen"]
[Date "2006.06.05"]
[Round "4"]
[White "Schubert, Torsten"]
[Black "Rafayevych, Vilen"]
[Result "0-1"]
[WhiteElo "1347"]
[BlackElo "1448"]
[PlyCount "92"]
[EventDate "2006.06.03"]
[EventType "swiss"]
[EventRounds "11"]
[EventCountry "GER"]
[SourceTitle "EXT 2007"]
[Source "ChessBase"]
[SourceDate "2006.11.23"]
[SourceVersion "1"]
[SourceVersionDate "2006.11.23"]
[SourceQuality "1"]

1. e4 c5 2. Nf3 a6 3. d4 cxd4 4. Nxd4 Nf6 5. Nc3 e5 6. Nf5 d5 7. Ng3 Bb4 8. Bd2 dxe4 9. Ngxe4 Nxe4 10. Nxe4 Bxd2+ 11. Qxd2 Qxd2+ 12. Nxd2 Bf5 13. 0-0-0 Nc6 14. Nc4 0-0 15. Nd6 Bg6 16. Nxb7 Nb4 17. c3 Nxa2+ 18. Kd2 Rfb8 19. Ra1 Rxb7 20. Rxa2 Bb1 21. Rxa6 Rxa6 22. Bxa6 Rxb2+ 23. Kc1 Rb6 24. Rd1 h6 25. Rd5 Rxa6 26. Kxb1 f6 27. c4 Rc6 28. c5 Kf7 29. Rd7+ Kf8 30. Rd8+ Ke7 31. Rd5 Ke6 32. Rd6+ Rxd6 33. cxd6 Kxd6 34. Kc2 Kd5 35. Kd3 f5 36. f3 e4+ 37. fxe4+ fxe4+ 38. Ke3 Ke5 39. h3 Kd5 40. g3 Ke5 41. g4 g5 42. Ke2 Kf4 43. Kf2 e3+ 44. Kg2 Ke4 45. Kf1 Kf3 46. Ke1 e2 0-1

[Event "GER-ch U12"]
[Site "Willingen"]
[Date "2006.06.04"]
[Round "3"]
[White "Rogasch, Miriam"]
[Black "Schubert, Torsten"]
[Result "0-1"]
[WhiteElo "1085"]
[BlackElo "1347"]
[PlyCount "56"]
[EventDate "2006.06.03"]
[EventType "swiss"]
[EventRounds "11"]
[EventCountry "GER"]
[SourceTitle "EXT 2007"]
[Source "ChessBase"]
[SourceDate "2006.11.23"]
[SourceVersion "1"]
[SourceVersionDate "2006.11.23"]
[SourceQuality "1"]

1. e4 c5 2. Nf3 d6 3. d4 cxd4 4. Nxd4 Nf6 5. Nc3 g6 6. Be3 Bg7 7. f3 0-0 8. Qd2 Nc6 9. 0-0-0 Nxd4 10. Qxd4 Ng4 11. Qd2 Nxe3 12. Qxe3 Qa5 13. Bc4 Bd7 14. h4 Rfc8 15. Bb3 Bxc3 16. bxc3 Rxc3 17. Qf4 Be6 18. Kb2 Rac8 19. Rd2 Qb5 20. g4 R3c5 21. Qh6 Bxb3 22. axb3 Qc6 23. Rc1 a5 24. Qe3 a4 25. bxa4 Qxa4 26. Qa3 Rb5+ 27. Ka2 Qxa3+ 28. Kxa3 Ra8# 0-1

[Event "GER-ch U12"]
[Site "Willingen"]
[Date "2006.06.03"]
[Round "1"]
[White "Goebel, Constantin"]
[Black "Schubert, Torsten"]
[Result "1-0"]
[WhiteElo "1639"]
[BlackElo "1347"]
[PlyCount "61"]
[EventDate "2006.06.03"]
[EventType "swiss"]
[EventRounds "11"]
[EventCountry "GER"]
[SourceTitle "EXT 2007"]
[Source "ChessBase"]
[SourceDate "2006.11.23"]
[SourceVersion "1"]
[SourceVersionDate "2006.11.23"]
[SourceQuality "1"]

1. e4 c5 2. Nf3 d6 3. d4 cxd4 4. Nxd4 Nf6 5. Nc3 g6 6. Be3 Bg7 7. f3 0-0 8. Qd2 Nc6 9. 0-0-0 Nxd4 10. Bxd4 Be6 11. Kb1 a6 12. a4 h5 13. Nd5 Rb8 14. Nxf6+ exf6 15. Bc3 b5 16. Bb4 Rb7 17. Be2 Rd7 18. g4 Kh7 19. gxh5 gxh5 20. f4 Bg4 21. Bxg4 hxg4 22. Qe2 f5 23. exf5 Qf6 24. Bc3 Qxf5 25. Bxg7 Kxg7 26. Rhg1 Rg8 27. Rxg4+ Kf8 28. Rxg8+ Kxg8 29. Qe8+ Kg7 30. Rg1+ Kh7 31. Rg5 1-0